000 01259nam a2200325 i 4500
003 EG-GICUC
005 20260513222557.0
008 260502s1978 ua ||||fr|||| 00| 0 ara d
040 _a EG-GICUC
_bara
_c EG-GICUC
_d EG-GICUC
_erda
041 0 _aara
082 0 4 _221
_a345.693
_bم ح . ر
092 0 4 _221
099 _aLaw1 07 345.693 م ح . ر 1968
100 0 _aمحمد كامل ليلة
_eمؤلف.
240 _a
245 1 2 _aالرقابة علي اعمال الإدارة :
_bدراسة مقارنة.
_nالكتاب الثاني /
_cدكتور محمد كامل ليلة.
264 4 _aالقاهرة :
_bدار النهضة العربية,
_c1968.
300 _a ؛ نظم ترقيم متعددة
_c24 سم
336 _2rda content
_atext
337 _2rda media
_aComputer
338 _2rda carrier
_aOnline Resource
504 _aيشتمل على إرجاعات ببليوجرافية
505 _aالرقابة القضائية
546 _aالنص باللغة العربية
650 1 4 _aالقانون الإداري
_2qrmak
651 1 _2qrmak
856 4 0 _uhttps://fll.law.cu.edu.eg/fulltext/bks/B07-05309.pdf
905 _a47
942 _2ddc
_cBK
_e21
_n0
999 _c74764
_d74764